Thiên văn học
Những kiến thức cơ bản về vũ trụ học và thiên văn học, về các hệ, về mặt trăng, mặt trời, trái đất, về các sao và những lĩnh vực khác về thiên văn học
Sparad:
| Materialtyp: | Bok |
|---|---|
| Språk: | Undetermined |
| Publicerad: |
Hà Nội
Khoa học và Kỹ thuật
1999
|
| Ämnen: | |
| Taggar: |
Lägg till en tagg
Inga taggar, Lägg till första taggen!
|
| Thư viện lưu trữ: | Trung tâm Học liệu Trường Đại học Cần Thơ |
|---|
| LEADER | 00809nam a2200193Ia 4500 | ||
|---|---|---|---|
| 001 | CTU_36692 | ||
| 008 | 210402s9999 xx 000 0 und d | ||
| 020 | |c 16000 | ||
| 082 | |a 520 | ||
| 082 | |b Th305/T.1 | ||
| 245 | 0 | |a Thiên văn học | |
| 245 | 0 | |c Dịch giả: Chu Công Phùng | |
| 260 | |a Hà Nội | ||
| 260 | |b Khoa học và Kỹ thuật | ||
| 260 | |c 1999 | ||
| 520 | |a Những kiến thức cơ bản về vũ trụ học và thiên văn học, về các hệ, về mặt trăng, mặt trời, trái đất, về các sao và những lĩnh vực khác về thiên văn học | ||
| 650 | |a Astronomy | ||
| 904 | |i Trọng Hải sửa số pl 520/B450/T.1 thành 520/Th305/T.1 | ||
| 980 | |a Trung tâm Học liệu Trường Đại học Cần Thơ | ||